[Event "Rostock-B"]
[Site "Rostock"]
[Date "1980.??.??"]
[Round "?"]
[White "Schurade, Matthias"]
[Black "Pietrusiak, Bogdan"]
[Result "1/2-1/2"]
[WhiteElo "2360"]
[BlackElo "2290"]

1.e4 c5 2.Nf3 Nc6 3.Bb5 g6 4.O-O Bg7 5.c3 Nf6 6.e5 Nd5 7.d4 cxd4 8.cxd4 O-O
9.Nc3 Nc7 10.Ba4 d6 11.Bxc6 bxc6 12.Bf4 Bg4 13.h3 Ne6 14.Be3 dxe5 15.hxg4 exd4
16.Nxd4 Nxd4 17.Qa4 e5 18.Rad1 Qd7 19.f3 Rad8 20.Ne4 f5 21.gxf5 gxf5 22.Nc5 Qd5
23.b4 Rf7 24.Rfe1 Bf6 25.Rd2 Rg7 26.Bxd4 exd4 27.Qd1 Re7 28.Rxe7 Bxe7 29.Nd3 Bd6
30.Qe1 Rf8 31.Qh4 Qc4 32.a3 Qc3 33.Qg5+ Kh8 34.Qh6 Kg8 35.Qg5+  1/2-1/2

[Event "Rostov"]
[Site "Rostov"]
[Date "1980.??.??"]
[Round "?"]
[White "Bilunova, Rimma I"]
[Black "Levitina, Irina S"]
[Result "0-1"]
[WhiteElo "2180"]
[BlackElo "2290"]

1.e4 c5 2.Nf3 Nc6 3.Bb5 d6 4.d4 cxd4 5.Qxd4 Bd7 6.Bxc6 Bxc6 7.c4 Nf6 8.Nc3 g6
9.O-O Bg7 10.Qd3 O-O 11.Be3 Nd7 12.Nd4 Qa5 13.Nd5 Bxd5 14.exd5 a6 15.Qe2 Rfe8
16.Rfc1 Nc5 17.Rd1 Rac8 18.h4 e6 19.dxe6 Nxe6 20.Qd3 Bxd4 21.Bxd4 Nf4 22.Qd2 Qxd2
23.Rxd2 Rxc4 24.Be3 Ne6 25.Rxd6 Rxh4 26.Rb6 Re7 27.Rc1 Kg7 28.g3 Rh5 29.Rc3 Rd5
30.Rcb3 Rdd7 31.Kg2 h5 32.f4 f5 33.Kf3 Nd8 34.Bc5 Re6 35.Be3 Rxb6 36.Rxb6 Kf7
37.Ke2 Nc6 38.a4 Ne7 39.Rb3 Nd5 40.Bf2 Ke6 41.Bc5 Rc7 42.Bf2 Kd6 43.Kf3 Re7
44.Rd3 Re4 45.b3 Ke6 46.Rd1 h4 47.gxh4 Rxf4+ 48.Kg3 Rb4 49.Rd3 Rg4+ 50.Kf3 Nf6
51.Rd8 Ne4 52.Be1 Rg1 53.Ke2 Rg2+ 54.Kd3 Rb2 55.Kc4 Rb1 56.Ba5 Rc1+ 57.Kb4 Rc6
58.Rb8 f4 59.Rf8 Nf6 60.Bd8 Kf5  0-1

[Event "SWE-ch"]
[Site "?"]
[Date "1980.??.??"]
[Round "?"]
[White "Kinnmark, Ove"]
[Black "Bergstrom, Christer"]
[Result "0-1"]
[WhiteElo "2365"]
[BlackElo "2285"]

1.e4 c5 2.Nf3 Nc6 3.Bb5 g6 4.O-O Bg7 5.Re1 e5 6.Bxc6 bxc6 7.d3 Ne7 8.Be3 d6
9.c3 f5 10.exf5 Bxf5 11.d4 cxd4 12.cxd4 e4 13.Nfd2 d5 14.Nb3 O-O 15.Nc3 Bc8
16.Qd2 Nf5 17.Bg5 Bf6 18.Bf4 Nh4 19.Qe3 Qd7 20.Ne2 Qg4 21.Qg3 Qh5 22.h3 Be7
23.Nc5 g5 24.Bc7 Qf7 25.Be5 Ng6 26.Bc7 g4 27.Rf1 gxh3 28.gxh3 Bh4 29.Qh2 Qf3
30.Bg3 Qxe2 31.Bxh4 Nxh4 32.Qg3+ Ng6 33.h4 Bg4 34.Rae1 Qf3  0-1

[Event "CSR-ch"]
[Site "Trnava"]
[Date "1980.??.??"]
[Round "11"]
[White "Ambroz, Jan"]
[Black "Nun, Jiri"]
[Result "1-0"]
[WhiteElo "2390"]
[BlackElo "2370"]

1.e4 c5 2.Nf3 Nc6 3.Bb5 d6 4.d4 cxd4 5.Qxd4 Bd7 6.Bxc6 Bxc6 7.Bg5 Nf6 8.Nc3 e6
9.O-O-O Be7 10.Rhe1 O-O 11.Kb1 b5 12.Bxf6 Bxf6 13.Qxd6 Qb6 14.Ne5 Bxe5 15.Qxe5 Qxf2
16.Ne2 Rfd8 17.Nd4 Be8 18.Rf1 Qh4 19.Rd3 f6 20.Nxe6 Bf7 21.Qf4 Qxf4 22.Nxf4 Bc4
23.Rxd8+ Rxd8 24.Re1 Rd2 25.b3 Bf7 26.Re2 Rd1+ 27.Kb2 g5 28.Nd3 Bg6 29.Kc3 Ra1
30.Kb4 Rxa2 31.Kxb5 Be8+ 32.Kc5 Kf8 33.Rf2 Ke7 34.Nb4 Ra5+ 35.Kd4  1-0

[Event "Lido op"]
[Site "Venice"]
[Date "1980.??.??"]
[Round "8"]
[White "Rupeni, Franco"]
[Black "Paoli, Enrico"]
[Result "0-1"]
[WhiteElo "2270"]
[BlackElo "2220"]

1.e4 c5 2.Nf3 Nc6 3.Bb5 e6 4.O-O Nge7 5.c3 a6 6.Ba4 b5 7.Bc2 Bb7 8.a4 b4
9.d4 Ng6 10.d5 Na5 11.Qe2 Be7 12.c4 O-O 13.b3 exd5 14.exd5 Bf6 15.Ra2 Re8
16.Qd3 d6 17.Nbd2 Bc8 18.h3 Bc3 19.g4 f5 20.gxf5  0-1

[Event "Wittlich"]
[Site "Wittlich"]
[Date "1980.??.??"]
[Round "1"]
[White "Nikolaiczuk, Lothar"]
[Black "Weidemann, Joerg"]
[Result "0-1"]
[WhiteElo "2265"]
[BlackElo "2260"]

1.e4 c5 2.Nf3 Nc6 3.Bb5 e6 4.O-O d6 5.c3 Nf6 6.Re1 d5 7.e5 Nd7 8.d4 Be7 9.Bd3 Qb6
10.Bc2 cxd4 11.cxd4 f6 12.exf6 Nxf6 13.Nc3 O-O 14.a3 Bd7 15.Bg5 g6 16.b4 Rac8
17.Na4 Qc7 18.Bh6 Ng4 19.Bxf8 Rxf8 20.g3 Nxf2 21.Kxf2 Nxd4 22.Qxd4 Qxc2+
23.Re2 Qf5 24.Qf4 Qh5 25.g4 Qh3  0-1

[Event "Wroclaw-A"]
[Site "Wroclaw"]
[Date "1980.??.??"]
[Round "5"]
[White "Bednarski, Jacek B"]
[Black "Nun, Jiri"]
[Result "1-0"]
[WhiteElo "2385"]
[BlackElo "2515"]

1.e4 c5 2.Nf3 Nc6 3.Bb5 e6 4.Bxc6 bxc6 5.O-O Ne7 6.b3 Ng6 7.Bb2 Qc7 8.e5 Be7
9.Na3 O-O 10.Nc4 f6 11.d3 fxe5 12.Nfxe5 Nxe5 13.Bxe5 d6 14.Bg3 e5 15.f4 exf4
16.Rxf4 Bf5 17.Qe2 Qd7 18.Raf1 d5 19.Ne5 Qe6 20.R4f2 Bg5 21.h4 Bh6 22.Bf4 Bxf4
23.Rxf4 Rae8 24.Qf2 Qxe5 25.Rxf5 Qxf5 26.Qxf5 Rxf5 27.Rxf5 Re1+ 28.Rf1 Re2
29.Rf2 Re1+ 30.Kh2 c4 31.dxc4 dxc4 32.Rf4 cxb3 33.axb3 Re5 34.Rc4 c5 35.Ra4 Re2
36.Rc4 Re5 37.Kg3 Kf7 38.Kf4 Rd5 39.g3 a6 40.Ra4 Rd2 41.Rc4 Rd5 42.Ke3 Ke6
43.g4 h5  1-0

[Event "Wroclaw-A"]
[Site "Wroclaw"]
[Date "1980.??.??"]
[Round "9"]
[White "Bednarski, Jacek B"]
[Black "Jasnikowski, Zbigniew"]
[Result "1/2-1/2"]
[WhiteElo "2385"]
[BlackElo "2325"]

1.e4 c5 2.Nf3 Nc6 3.Bb5 Nf6 4.Nc3 Nd4 5.e5 Nxb5 6.Nxb5 Nd5 7.O-O Nc7 8.Nxc7+ Qxc7
9.d4 cxd4 10.Qxd4 e6 11.Rd1 b6 12.Rd3 Bb7 13.Rc3 Bc6 14.Qf4 h6 15.h4 Qb7
16.a3 Rc8 17.Bd2 Be7 18.Qg3 Kf8 19.h5 Kg8 20.Nd4 Be4 21.Rxc8+ Qxc8 22.Re1 Qb7
23.Qg4 Bd5 24.Bb4 Bc5 25.Nb5 Qc6 26.Nxa7 Qa4 27.Nc8 Bxf2+ 28.Kxf2 Qxc2+ 29.Kg1 Qxc8
30.Kh2 Qc4 31.Qxc4 Bxc4 32.Rc1 Bd5 33.Rc8+ Kh7 34.Rxh8+ Kxh8 35.g4 f6 36.Bc3 fxe5
37.Bxe5 Kh7 38.Kg3 g6 39.hxg6+ Kxg6 40.Kf4 Bb3 41.Bd4 b5 42.Bc5 Bd1 43.Bf8 e5+
44.Kxe5 Bxg4 45.Kd6 h5 46.Be7 Kf7 47.Bh4 Ke8 48.Kc5 Be2 49.b3 Kf7 50.Kd6 Bg4
51.a4 bxa4 52.bxa4 Ke8 53.a5 Be2 54.Bg5 Bb5 55.Bh4 Kf7  1/2-1/2

[Event "Zamardi op"]
[Site "Zamardi"]
[Date "1980.??.??"]
[Round "?"]
[White "Biriescu, Ioan"]
[Black "Bielczyk, Jacek"]
[Result "1/2-1/2"]
[WhiteElo "2380"]
[BlackElo "2380"]

1.e4 c5 2.Nf3 Nc6 3.Bb5 g6 4.O-O Bg7 5.c3 Nf6 6.d4 cxd4 7.cxd4 Nxe4 8.d5 Nd6
9.Na3 a6 10.Bd3 Nd4 11.Be2 O-O  1/2-1/2

[Event "Bangalore"]
[Site "Bangalore"]
[Date "1981.??.??"]
[Round "10"]
[White "Balinas, Rosendo Carrean"]
[Black "Kuzmin, Gennadi P"]
[Result "0-1"]
[WhiteElo "2380"]
[BlackElo "2550"]

1.e4 c5 2.Nf3 Nc6 3.Bb5 g6 4.O-O Bg7 5.Re1 Nf6 6.e5 Nd5 7.Nc3 Nc7 8.Bxc6 dxc6
9.Ne4 b6 10.Nf6+ Kf8 11.Ne4 Bg4 12.h3 Bxf3 13.Qxf3 Ne6 14.Nc3 Qc7 15.Nb5 Qd7
16.d3 Rd8 17.Na3 h5 18.Bf4 Qd4 19.Bc1 Qd5 20.Re4 Bxe5 21.Nc4 Bf6 22.Bf4 b5
23.Ne3 Qd7 24.c3 Kg7 25.Rd1 Qc8 26.a3 Rhf8 27.g4 Rh8 28.Kf1 hxg4 29.hxg4 Rh4
30.Ke2 Rdh8 31.Rg1 Rh3 32.Rg3 Rxg3 33.Qxg3 Kg8 34.g5 Bg7 35.Ng4 Rh5 36.Be3 a5
37.Kd2 Qd8 38.Rxe6 fxe6 39.Bxc5 Rxg5 40.Be3 Rh5 41.Kc2 Qd5 42.Qc7 a4 43.Qxe7 Qb3+  0-1

[Event "Biel"]
[Site "Biel"]
[Date "1981.??.??"]
[Round "?"]
[White "Bichsel, Walter"]
[Black "Kurajica, Bojan"]
[Result "1/2-1/2"]
[WhiteElo "2320"]
[BlackElo "2500"]

1.e4 c5 2.Nf3 Nc6 3.Bb5 e6 4.O-O Nge7 5.Nc3 Ng6 6.d4 cxd4 7.Nxd4 a6 8.Be2 Qc7
9.a4 Be7 10.Kh1 Nf4 11.Bf3 O-O 12.g3 Ng6 13.Bg2 Nxd4 14.Qxd4 b6 15.f4 Bb7
16.Be3 Rab8 17.Rad1 Bc6 18.Rf2 Rfd8 19.Rfd2 Qb7 20.b4 Qc8 21.b5 Ba8 22.Ne2 axb5
23.axb5 Qc7 24.Qd3 Bb7 25.h4 h5 26.Qb3 Rbc8 27.Bd4 Nf8 28.Qe3 Bc5 29.e5 Bxd4
30.Nxd4 Bxg2+ 31.Kxg2 Qb7+ 32.Qf3 Qxf3+ 33.Kxf3 Ra8 34.Rd3 Rdc8 35.Rb1 Ng6
36.Rbb3 Ne7 37.Ra3  1/2-1/2

[Event "Biel"]
[Site "Biel"]
[Date "1981.??.??"]
[Round "?"]
[White "Cuartas, Carlos"]
[Black "Zueger, Beat"]
[Result "0-1"]
[WhiteElo "2430"]
[BlackElo "2360"]

1.e4 c5 2.Nf3 Nc6 3.Bb5 g6 4.O-O Bg7 5.Re1 e5 6.Bxc6 dxc6 7.d3 Qe7 8.Nbd2 Nh6
9.a3 O-O 10.b4 cxb4 11.axb4 Be6 12.Bb2 f6 13.Bc3 Nf7 14.Nc4 Bxc4 15.dxc4 Nd6
16.c5 Nb5 17.Bb2 Rfd8 18.Qe2 a5 19.Qc4+ Qf7 20.Qxf7+ Kxf7 21.Rxa5 Rxa5 22.bxa5 Bf8
23.c4 Nc7 24.Bc3 Na6 25.g4 Rd3 26.Re3 Rxe3 27.fxe3 Nxc5 28.Nd2 Na4 29.Ba1 Bb4
30.Nb3 Nc5 31.Bc3 Bxc3 32.Nxc5 Bxa5 33.Nxb7 Bb6 34.Nd6+ Ke6 35.c5 Bxc5 36.Nc4 f5
37.gxf5+ gxf5 38.exf5+ Kd5 39.Na5 Bxe3+ 40.Kf1 c5 41.h4 Bd4 42.Nb7 e4 43.Ke2 Ke5
44.f6 Kxf6 45.Nd6 Ke5 46.Nf7+ Kf4 47.h5 e3 48.h6 Kf5  0-1

[Event "Elekes mem-A"]
[Site "Budapest"]
[Date "1981.??.??"]
[Round "?"]
[White "Ozsvath, Andras"]
[Black "Beil, Zdenek"]
[Result "1-0"]
[WhiteElo "2340"]
[BlackElo "2390"]

1.e4 c5 2.Nf3 Nc6 3.Bb5 Qb6 4.Nc3 e6 5.O-O Nge7 6.Re1 Nd4 7.Bf1 Nec6 8.d3 Be7
9.a3 O-O 10.Rb1 d6 11.Be3 Bf6 12.Nd2 Qc7 13.Na2 Ne7 14.c3 Ndc6 15.b4 cxb4
16.axb4 b5 17.d4 a6 18.Nc1 g6 19.Nd3 Bd7 20.Bh6 Rfc8 21.Qf3 Bh8 22.Qg3 e5
23.d5 Nd8 24.Rbc1 f5 25.Qh4 Nf7 26.Be3 fxe4 27.Nxe4 Nxd5 28.Ng5 Nxg5 29.Bxg5 Bf5
30.Nb2 Qd7 31.c4 Nxb4 32.cxb5 Nc2 33.Nc4 Nxe1 34.Nb6 Qf7 35.Nxa8 Rxa8 36.b6 Nc2
37.Qa4 Nd4 38.Rc7 Qe8 39.b7 Bg7 40.Re7  1-0

[Event "Elekes mem-B"]
[Site "Budapest"]
[Date "1981.??.??"]
[Round "?"]
[White "Glatt, Gabor"]
[Black "Rovid, Kalman"]
[Result "1-0"]
[WhiteElo "2300"]
[BlackElo "2200"]

1.e4 c5 2.Nf3 Nc6 3.Bb5 g6 4.O-O Bg7 5.c3 Nf6 6.Re1 O-O 7.d4 cxd4 8.cxd4 d5
9.e5 Ne4 10.Nc3 Bf5 11.Nh4 Nxc3 12.bxc3 Bd7 13.Bd3 Rc8 14.Re3 Na5 15.Bc2 Rc6
16.f4 Qc7 17.Qe1 Nc4 18.Rg3 f5 19.Nf3 Ra6 20.Nd2 Ba4 21.Bd3 Bb5 22.Qe2 Ra4
23.Nb3 b6 24.Be3 e6 25.h4 Kf7 26.h5 Ra3 27.Bc1 Ra4 28.Be3 Rc8 29.Kf2 Rh8
30.Rh3 a6 31.g4 Nxe3 32.Kxe3 Bxd3 33.Qxd3 fxg4 34.hxg6+ hxg6 35.Rxh8 Bxh8
36.Rg1 Qc4 37.Qc2 Ke7 38.Rxg4 Qf1 39.Nd2 Qh3+ 40.Nf3 Qxg4 41.Qxa4 Qf5  1-0

[Event "Politiken Cup"]
[Site "Copenhagen"]
[Date "1981.??.??"]
[Round "5"]
[White "Taulbut, Shaun M"]
[Black "Karlsson, Lars"]
[Result "1/2-1/2"]
[WhiteElo "2380"]
[BlackElo "2465"]

1.Nf3 c5 2.e4 Nc6 3.Bb5 e6 4.O-O Nge7 5.Re1 g6 6.Bxc6 Nxc6 7.c3 Bg7 8.d4 cxd4
9.cxd4 O-O 10.Nc3 d6 11.Be3 Ne7 12.Qd2 b6 13.Rac1 Bb7 14.d5 exd5 15.Nxd5 Nxd5
16.exd5 Qd7 17.Bd4 Bxd4 18.Qxd4 Qf5 19.Qh4 Bxd5 20.Nd4 Qd7 21.Re7 Qa4 22.Qf6 Rfe8
23.Nf5 gxf5 24.Rxe8+ Rxe8 25.Qg5+  1/2-1/2

[Event "Politiken Cup"]
[Site "Copenhagen"]
[Date "1981.??.??"]
[Round "10"]
[White "Bednarski, Jacek B"]
[Black "Moe, Mogens"]
[Result "0-1"]
[WhiteElo "2380"]
[BlackElo "2350"]

1.e4 c5 2.Nf3 Nc6 3.Bb5 g6 4.O-O Bg7 5.c3 Qb6 6.Na3 a6 7.Ba4 Qa7 8.d4 cxd4
9.cxd4 Nxd4 10.Be3 Nxf3+ 11.gxf3 Qb8 12.Nc4 b5 13.Nb6 Bxb2 14.Bb3 Nf6 15.Bxf7+ Kxf7
16.Qb3+ d5 17.Qxb2 dxe4 18.Nxa8 exf3 19.Rac1 Qxa8 20.Qe5 Be6 21.Rfe1 Qd5
22.Qxd5 Nxd5 23.Rc6 Ra8 24.Bg5 Bf5 25.h4 e6 26.Kh2 h5 27.Kg3 Bg4 28.a3 a5
29.Rd6 Ra7 30.Rc1 b4 31.axb4 axb4 32.Rc8 Ne7 33.Bxe7 Kxe7 34.Rb6 Ra1 35.Rc7+ Kf6
36.Rc4 Rg1+ 37.Kf4 Rh1 38.Rcxb4 Rxh4 39.Ke3 Rh1 40.Rf4+ Kg5 41.Rb5+ Kh4 42.Rf6 g5
43.Rb2 Re1+ 44.Kd2 Re2+ 45.Kc1 Rxb2 46.Kxb2 Kh3  0-1

[Event "Czestochowa"]
[Site "Czestochowa"]
[Date "1981.??.??"]
[Round "2"]
[White "Gizynski, Tomasz"]
[Black "Lanc, Alois"]
[Result "0-1"]
[WhiteElo "2235"]
[BlackElo "2415"]

1.e4 c5 2.Nf3 Nc6 3.Bb5 g6 4.O-O Bg7 5.Re1 e5 6.b4 cxb4 7.a3 Nge7 8.Bb2 bxa3
9.Bxa3 d6 10.Bc4 O-O 11.h3 h6 12.c3 a6 13.d3 Kh7 14.Nbd2 b5 15.Bd5 Rb8 16.Rb1 a5
17.Qc2 f5 18.Qa2 Qc7 19.Rec1 Qd7 20.Bb2 g5 21.exf5 Nxd5 22.Qxd5 Ne7 23.Qa2 Qxf5
24.Ne4 d5 25.Nd6 Qxd3 26.Rd1 Qg6 27.Nxc8 Rfxc8 28.Qxa5 e4 29.Nh2 Qc6 30.Ng4 Ra8
31.Qb4 Ng6 32.Ne3 Nf4 33.Nxd5 Ra4 34.Qb3 Rf8 35.Nb4 Qc8 36.Re1 Qf5 37.Qc2 Nd3
38.Nxd3 exd3 39.Qd2 Rf4 40.Rf1 g4 41.hxg4 Rxg4 42.f3 Rc4 43.Rfe1 Rd8 44.Ra1 Bf8
45.Ra7+ Kg8 46.Kf1 Rh4 47.Ba3 Bxa3 48.Qa2+ Kh8 49.Qxa3 Rh1+ 50.Kf2 Rxe1  0-1

[Event "Czestochowa"]
[Site "Czestochowa"]
[Date "1981.??.??"]
[Round "6"]
[White "Lanc, Alois"]
[Black "Kubik, Jan"]
[Result "1-0"]
[WhiteElo "2415"]
[BlackElo "2290"]

1.e4 c5 2.Nf3 Nc6 3.Bb5 g6 4.O-O Bg7 5.Re1 Nf6 6.c3 a6 7.Bf1 d6 8.h3 O-O
9.d4 cxd4 10.cxd4 Bd7 11.d5 Ne5 12.Nd4 Rc8 13.a4 Qb6 14.Na3 Nh5 15.Nac2 f5
16.exf5 Bxf5 17.Nxf5 Rxf5 18.Be3 Qxb2 19.Nd4 Rf7 20.Rb1 Qa2 21.Ne6 Nf6 22.Nxg7 Kxg7
23.f4 Ned7 24.Rxb7 Kf8 25.f5 Nc5 26.Bh6+ Ke8 27.Ra7 e5 28.Rxf7 Kxf7 29.fxg6+ Kxg6
30.Re2 Qxd5 31.Rd2 Qb3 32.Qc1 Qb6 33.Kh2 d5 34.Rb2 Qd6 35.Qg5+ Kf7 36.Qg7+ Ke6
37.Rf2 Rf8 38.Qxf8  1-0

[Event "DDR-ch (Women)"]
[Site "Fuerstenwalde"]
[Date "1981.??.??"]
[Round "1"]
[White "Wagner Michel, Annett"]
[Black "Nuenchert, Eveline"]
[Result "1-0"]
[WhiteElo "2120"]
[BlackElo "2080"]

1.e4 c5 2.Nf3 Nc6 3.Bb5 Qc7 4.O-O d6 5.Re1 Bd7 6.c3 g6 7.d4 Bg7 8.Bf4 Qb6
9.Bxc6 bxc6 10.e5 d5 11.Qc1 e6 12.Nbd2 Ne7 13.Nb3 cxd4 14.cxd4 h6 15.Nc5 Bc8
16.Re3 g5 17.Rb3 Qc7 18.Bd2 O-O 19.Bxg5 hxg5 20.Nxg5 Ng6 21.Qd1 Bh6 22.Rg3 Bxg5
23.Rxg5 Kg7 24.h4 Qd8 25.Qg4 Kh6 26.Rh5+ Kg7 27.Rg5 Kh6 28.Rd1 Rh8 29.Rd3 Qe8
30.Rg3 Kg7 31.h5 Rh6 32.hxg6 fxg6 33.Qf4 Qf7 34.Qxf7+ Kxf7 35.Rf3+ Ke7 36.Rf6 Rb8
37.b3 Rb4 38.Rg4 a5 39.Rgf4 Rh7 40.Rxg6  1-0

[Event "DDR-ch (Women)"]
[Site "Fuerstenwalde"]
[Date "1981.??.??"]
[Round "8"]
[White "Wolf, Sylvia"]
[Black "Wagner Michel, Annett"]
[Result "0-1"]
[WhiteElo "2000"]
[BlackElo "2120"]

1.e4 c5 2.Nf3 Nc6 3.Bb5 g6 4.O-O Bg7 5.c3 Nf6 6.Qe2 O-O 7.d4 cxd4 8.cxd4 d5
9.e5 Ne4 10.Nbd2 Nxd2 11.Bxd2 Bg4 12.Bc3 Nb8 13.h3 Bxf3 14.Qxf3 a6 15.Bd3 e6
16.Bb4 Re8 17.Qe3 Nc6 18.Bc5 b6 19.Bd6 Qh4 20.f4 g5 21.Rac1 Rec8 22.fxg5 Qxd4
23.Qxd4 Nxd4 24.Bxa6 Rxc1 25.Rxc1 Bf8 26.Bxf8 Kxf8 27.Bd3 Rxa2 28.Rc8+ Kg7
29.h4 h6 30.gxh6+ Kxh6 31.Rh8+ Kg7 32.Rh7+ Kg8 33.Rh5 Rxb2 34.Rg5+ Kh8 35.Rh5+ Kg7
36.Rg5+ Kh6 37.Kf1 Rb3 38.Be2 Rb1+  0-1

[Event "Gausdal Int"]
[Site "Gausdal"]
[Date "1981.??.??"]
[Round "4"]
[White "Kaiszauri, Konstanty"]
[Black "Ostermeyer, Peter"]
[Result "1-0"]
[WhiteElo "2360"]
[BlackElo "2395"]

1.e4 c5 2.Nf3 Nc6 3.Bb5 g6 4.O-O Bg7 5.Re1 Nf6 6.e5 Nd5 7.b3 O-O 8.Bb2 Nc7
9.Bxc6 dxc6 10.d3 Ne6 11.Re4 f5 12.exf6 exf6 13.Nbd2 f5 14.Bxg7 fxe4 15.Bxf8 exf3
16.Bh6 Qh4 17.Be3 fxg2 18.Ne4 Bd7 19.Nxc5 Nxc5 20.Bxc5 b6 21.Ba3 Qf4 22.Bc1 Qf6
23.Be3 Bg4 24.Qe1 Re8 25.a4 a5 26.Rb1 c5 27.Qd2 Bf3 28.d4 Rd8 29.Re1 Qc6
30.c3 c4 31.bxc4 Qxc4 32.d5 Qxd5 33.Bd4 Qf7 34.Qe3 h5 35.Qh6 Rxd4 36.cxd4 Bc6
37.Qg5 Qf5 38.Qd8+ Qf8 39.Qxb6 Qb4 40.Qd8+ Kf7 41.Qc7+ Kf8 42.Rc1 Bxa4 43.d5 Ke8
44.Qc8+ Kf7 45.Qe6+ Kg7 46.Rc7+  1-0

[Event "Buna-Turnier"]
[Site "Halle"]
[Date "1981.??.??"]
[Round "2"]
[White "Hazai, Laszlo"]
[Black "Suetin, Alexey S"]
[Result "1/2-1/2"]
[WhiteElo "2430"]
[BlackElo "2445"]

1.e4 c5 2.Nf3 Nc6 3.Bb5 e6 4.O-O Nge7 5.c3 a6 6.Ba4 b5 7.Bc2 d5 8.d4 cxd4
9.cxd4 Nb4 10.e5 Nxc2 11.Qxc2 Bd7 12.Bg5 h6 13.Bxe7 Bxe7 14.Nbd2 Rc8 15.Qd3 O-O
16.Rfc1 Qb6 17.Qe3  1/2-1/2

[Event "Hamburg op"]
[Site "Hamburg"]
[Date "1981.??.??"]
[Round "3"]
[White "Borkowski, Franciszek"]
[Black "Fehrig, Andreas"]
[Result "1/2-1/2"]
[WhiteElo "2375"]
[BlackElo "2215"]

1.e4 c5 2.Nf3 Nc6 3.Bb5 e6 4.O-O Nge7 5.Re1 a6 6.Bf1 d5 7.e5 Ng6 8.d3 Be7
9.g3 f6 10.exf6 Bxf6 11.h4 O-O 12.Ng5 Bd4 13.Qh5 Bxf2+ 14.Kg2 h6 15.Qxg6 hxg5
16.Re2 Bxg3 17.Bxg5 Qc7 18.Be3 Bxh4 19.Bxc5 Rf5 20.Qe8+ Kh7 21.Nd2 b6 22.Bf2 Bb7
23.Qxe6 Rxf2+ 24.Rxf2 Qg3+ 25.Kh1 Qxf2 26.Qd7 Na5 27.d4 Qxd2 28.Bd3+ Kh8
29.Rg1 Bf6 30.Rg3 Qe1+ 31.Kg2 Bc8 32.Qf7 Qd2+ 33.Kf3 Qd1+ 34.Kf4 Qd2+ 35.Kf3 Qd1+
36.Kf4 g5+ 37.Ke3 Qe1+ 38.Kf3 Qe7 39.Qh5+ Kg8 40.Qg6+ Kf8 41.Kg2 g4 42.Re3 Be6
43.Qh6+ Ke8 44.Bf5 Bxf5 45.Qh5+ Kd8 46.Rxe7 Bxe7 47.Qh8+ Kc7 48.Qxa8 Be4+
49.Kg3 Nc6 50.c3 Bf3 51.Qxa6 Bd6+ 52.Kf2 Bh2 53.Ke3 Bd6 54.c4 dxc4 55.Qxc4 Kd7
56.Qb5 Kc7 57.Qc4 Kb7 58.Qe6 Kc7  1/2-1/2

[Event "Hamburg op"]
[Site "Hamburg"]
[Date "1981.??.??"]
[Round "7"]
[White "Werner, Dimo"]
[Black "Schneider, Lars Ake"]
[Result "0-1"]
[WhiteElo "2355"]
[BlackElo "2410"]

1.Nf3 c5 2.e4 Nc6 3.Bb5 g6 4.O-O Bg7 5.Re1 e5 6.b4 Nxb4 7.c3 Nc6 8.d4 exd4
9.e5 Nge7 10.cxd4 cxd4 11.Nbd2 O-O 12.Ba3 a6 13.Qa4 Ra7 14.Bxc6 dxc6 15.Ne4 b6
16.Nf6+ Kh8 17.Nxd4 c5 18.Nb5 axb5 19.Qxa7 Nc6 20.Qa8 Nxe5 21.Rxe5 Bxf6 22.Bb2 Bxe5
23.Bxe5+ f6 24.Bb2 Kg7 25.h3 Qd2 26.Qa7+ Rf7 27.Bxf6+ Kxf6 28.Qxb6+ Kg7 29.Qxc5 Bb7
30.Rb1 Qd5 31.Qxd5 Bxd5 32.Rxb5 Bxa2 33.f3 h6 34.Kf2 Rd7 35.Rb2 Bc4 36.Kg3 Ra7
37.Rc2 Be6 38.Rc6 Kf6 39.Rb6 Ra2 40.h4 Rd2 41.Ra6 h5 42.Rb6 Ke5 43.Rb5+ Kd4
44.Rg5 Bf5 45.Kf4 Rf2 46.Rxf5 gxf5 47.g3 Kd5  0-1

[Event "Helsinki"]
[Site "Helsinki"]
[Date "1981.??.??"]
[Round "11"]
[White "Ristoja, Thomas W"]
[Black "Binham, Timothy F"]
[Result "1/2-1/2"]
[WhiteElo "2360"]
[BlackElo "2375"]

1.e4 c5 2.Nf3 Nc6 3.Bb5 g6 4.O-O Bg7 5.c3 Nf6 6.Re1 O-O 7.d4 cxd4 8.cxd4 d5
9.e5 Ne4 10.Nc3 Bf5 11.Bd3 Nxc3 12.bxc3 Bxd3 13.Qxd3 Rc8 14.h4 Qd7 15.h5 Nd8
16.Bd2 Rc6  1/2-1/2

[Event "Holzoster am See"]
[Site "Holzoster am See"]
[Date "1981.??.??"]
[Round "2"]
[White "Timman, Jan H"]
[Black "Hoelzl, Franz"]
[Result "1-0"]
[WhiteElo "2620"]
[BlackElo "2375"]

1.e4 c5 2.Nf3 Nc6 3.Bb5 Nf6 4.Nc3 e5 5.Bxc6 dxc6 6.Nxe5 Nxe4 7.Qh5 g6 8.Nxg6 Qd4
9.Nxh8 Qxf2+ 10.Kd1 Nxc3+ 11.bxc3 Be6 12.Nxf7 Qxf7 13.Qxf7+  1-0

[Event "Hradec Kralove"]
[Site "Hradec Kralove"]
[Date "1981.??.??"]
[Round "14"]
[White "Ambroz, Jan"]
[Black "Dely, Peter"]
[Result "1/2-1/2"]
[WhiteElo "2485"]
[BlackElo "2415"]

1.e4 c5 2.Nf3 Nc6 3.Bb5 g6 4.O-O Bg7 5.Re1 Nf6 6.Nc3 O-O 7.e5 Ng4 8.Bxc6 dxc6
9.d3 b6 10.Bf4 Nh6 11.Qd2 Nf5 12.Ne4 Nd4 13.Nxd4 Qxd4 14.c3 Qd5 15.c4 Qd4
16.Nd6 Bf5 17.Nxf5 gxf5 18.Bh6 Qg4 19.Bf4 Rad8 20.h3 Qg6 21.Re3 Qe6 22.Qe2  1/2-1/2

[Event "Jacksonville playoff"]
[Site "Jacksonville"]
[Date "1981.??.??"]
[Round "1"]
[White "Reshevsky, Samuel Herman"]
[Black "Christiansen, Larry Mark"]
[Result "1/2-1/2"]
[WhiteElo "2470"]
[BlackElo "2575"]

1.e4 c5 2.Nf3 Nc6 3.Bb5 d6 4.O-O Bd7 5.c3 Nf6 6.Re1 a6 7.Ba4 b5 8.Bc2 Bg4
9.h3 Bxf3 10.Qxf3 g6 11.a4 Rb8 12.axb5 axb5 13.Na3 Nd7 14.Qe2 Qb6 15.Bd3 c4
16.Bc2 Nc5 17.d3 cxd3 18.Bxd3 Nxd3 19.Qxd3 Bg7 20.Be3 Qb7 21.b4 O-O 22.f4 Rfc8
23.Nc2 Ra8 24.Kh2 h5 25.Bd2 e6 26.Na3 Rab8 27.Nc2 Ne7 28.Ra5 Nc6 29.Raa1 Ra8  1/2-1/2

[Event "Keszthely"]
[Site "Keszthely"]
[Date "1981.??.??"]
[Round "3"]
[White "Horvath, Gyula"]
[Black "Banas, Jan"]
[Result "1/2-1/2"]
[WhiteElo "2310"]
[BlackElo "2375"]

1.e4 c5 2.Nf3 Nc6 3.Bb5 d6 4.d4 cxd4 5.Qxd4 Qd7 6.Qd3 a6 7.Ba4 e6 8.c4 Nf6
9.Nc3 Be7 10.Bf4 O-O 11.Rd1 Rd8 12.Qe2 Nh5 13.Be3 Qc7 14.O-O Nf6 15.Nd2 Bd7
16.g4 Ne5 17.Bxd7 Nexd7 18.g5 Ne8 19.f4 b5 20.cxb5 axb5 21.Qxb5 Rdb8 22.Qc4 Rxb2
23.Qxc7 Nxc7 24.Rb1 Rc2 25.Rfc1 Rxc1+ 26.Rxc1 Na6 27.Rb1 Kf8 28.Na4 Ke8 29.Rb7 Nac5
30.Nxc5 dxc5 31.Rb2 Ra4 32.Kf2 Kd8 33.Ke2 Kc7 34.Rc2 Kc6 35.Nc4 Bd8  1/2-1/2

[Event "Lone Pine op"]
[Site "Lone Pine"]
[Date "1981.??.??"]
[Round "?"]
[White "Benko, Pal C"]
[Black "Christiansen, Larry Mark"]
[Result "1/2-1/2"]
[WhiteElo "2480"]
[BlackElo "2515"]

1.e4 c5 2.Nf3 Nc6 3.Bb5 e6 4.O-O Nge7 5.b3 Nd4 6.Nxd4 cxd4 7.Bb2 a6 8.Bd3 Nc6
9.c3 Bc5 10.Qh5 d6 11.Na3 Ne5 12.Qe2 dxc3 13.dxc3 Nxd3 14.Qxd3 O-O 15.b4 Ba7
16.c4 Qh4 17.Bd4 Bb8 18.Qg3 Qxg3 19.hxg3 Bc7 20.Rfd1 Bd7 21.Rac1 Rfc8 22.Be3 Ba4
23.Rd3 h5 24.b5 Ba5 25.Rxd6 Bb4 26.Rd3 axb5 27.Nxb5 Rxc4  1/2-1/2

[Event "Lone Pine op"]
[Site "Lone Pine"]
[Date "1981.??.??"]
[Round "?"]
[White "Davies, Nigel R"]
[Black "Thinnsen, James A"]
[Result "1-0"]
[WhiteElo "2360"]
[BlackElo "2220"]

1.e4 c5 2.Nf3 Nc6 3.Bb5 g6 4.O-O Bg7 5.Re1 e5 6.Bxc6 bxc6 7.c3 Ne7 8.d4 cxd4
9.cxd4 exd4 10.Nxd4 Qb6 11.Nb3 O-O 12.Nc3 f5 13.Bg5 Rf7 14.Bxe7 Rxe7 15.Nd5 cxd5
16.Qxd5+  1-0

[Event "Sokolsky mem"]
[Site "Minsk"]
[Date "1981.??.??"]
[Round "3"]
[White "Lutikov, Anatoly S"]
[Black "Mochalov, Evgeny V"]
[Result "1/2-1/2"]
[WhiteElo "2430"]
[BlackElo "2430"]

1.e4 c5 2.Nf3 Nc6 3.Bb5 e6 4.O-O Nge7 5.Re1 a6 6.Bf1 d5 7.exd5 Nxd5 8.d4 cxd4
9.Nxd4 Ndb4 10.Nxc6 Qxd1 11.Rxd1 Nxc6 12.Nd2 e5 13.Nc4 Bg4 14.f3 Be6 15.c3 Bc5+
16.Be3 Bxe3+ 17.Nxe3 Rd8 18.Bc4 Bxc4 19.Rxd8+ Kxd8 20.Nxc4 Kc7 21.Rd1 b5
22.Ne3 Rd8 23.Rxd8 Nxd8  1/2-1/2

[Event "Moscow-ch"]
[Site "Moscow"]
[Date "1981.??.??"]
[Round "3"]
[White "Vasiukov, Evgeni"]
[Black "Arbakov, Valentin"]
[Result "1-0"]
[WhiteElo "2545"]
[BlackElo "2445"]

1.e4 c5 2.Nf3 Nc6 3.Bb5 g6 4.O-O Bg7 5.Re1 e5 6.Bxc6 dxc6 7.d3 Ne7 8.Be3 b6
9.Nbd2 h6 10.a3 a5 11.b4 cxb4 12.axb4 a4 13.Ra3 b5 14.Qa1 f6 15.Bc5 O-O 16.d4 g5
17.Rd3 Qe8 18.dxe5 fxe5 19.Rd1 Be6 20.Nf1 Rf7 21.Bb6 Rf8 22.h4 gxh4 23.Nxh4 Qh5
24.Nf3 Ng6 25.Ng3 Qg4 26.Nh2 Qg5 27.Nf3 Rxf3 28.Rxf3 Nf4 29.Rd6 Bc4 30.Rxc6 h5
31.Rxc4 bxc4 32.Qd1 h4 33.Rxf4 exf4 34.Nf5 Kh7 35.Nxg7 h3 36.Qh5+ Qxh5 37.Nxh5 c3
38.Bd4 Rc8 39.Nf6+ Kh6 40.Nd5 Rg8 41.Nxf4 hxg2 42.Nd5 a3 43.Nxc3 Kh5 44.Bf6 Kg6
45.Be5 Re8 46.f4 Ra8 47.b5  1-0

[Event "Nis"]
[Site "Nis"]
[Date "1981.??.??"]
[Round "4"]
[White "Georgiev, Krum"]
[Black "Pavlovic, Dragan"]
[Result "1-0"]
[WhiteElo "2485"]
[BlackElo "2345"]

1.e4 c5 2.Nf3 Nc6 3.Bb5 Qb6 4.Qe2 a6 5.Ba4 g6 6.c3 Bg7 7.O-O e5 8.d3 Nge7
9.Be3 Qa5 10.Bb3 h6 11.Nbd2 d6 12.d4 cxd4 13.cxd4 exd4 14.Nc4 Qc7 15.Bf4 Be5
16.Qd2 g5 17.Bg3 f6 18.Rac1 Qd8 19.Ne1 Ng6 20.Nd3 Bxg3 21.hxg3 Be6 22.f4 b5
23.Nb6 Qxb6 24.Bxe6 Nge7 25.Qe2 Kd8 26.Qh5 Kc7 27.Bd5 Kb8 28.Qf7  1-0